| 000 | 00584nam a2200193Ia 4500 | ||
|---|---|---|---|
| 003 | GCL | ||
| 008 | 140319s9999 xx 000 0 ara d | ||
| 040 |
_aGCL / _cGCL |
||
| 082 | 0 | 4 |
_a248.2 _bخ ى |
| 100 | 1 | _aخلف الجراد | |
| 245 | 1 | 0 |
_aاليزيدية واليزيديون / _cخلف الجراد |
| 250 | _aالاولى | ||
| 260 |
_aسوريا : _bدار الحوار للنشر والتوزيع ، _c1995 |
||
| 300 |
_a189 ص ؛ _c24 سم |
||
| 650 | 0 | 4 | _aالخوارج |
| 650 | 0 | 4 | _aالفرق الاسلامية |
| 650 | 0 | 4 | _aاليزيدية |
| 942 |
_2ddc _cBK |
||
| 999 |
_c49896 _d49896 |
||